000 00597nam a2200241Ia 4500
003 OSt
005 20220918174754.0
006 a|||||r|||| 00| 0
007 ta
008 220917b |||||||| |||| 00| 0 eng d
024 _a14,075
037 _cTextual
040 _aARTS
_cARTS
_beng
041 _2eng
_aeng
082 _a/\73,11, L4
100 _aShah Idries
245 0 _aElephant in the dark
260 _aLondon
_bOctagon Press
_c1974
300 _a76p.
_ccm.
650 _aSPIRITUALISM
942 _h/\73,11, L4
_cTEXL
_2CC
999 _c154638
_d154638